000 00331nam a2200109Ia 4500
008 220214s9999 xx 000 0 und d
245 0 _aBulletin of Indian raw materials and their utilization
260 _bPublications and Informations Directorate
_aNew Delhi
310 _aQ
500 _aStarting Volume & Year: 1, 1974
942 _cBJ
999 _c6357
_d6357